5HLuxD.jpg

KING HENRY VIII SENIOR AND PRIMARY SCHOOL LIBRARY OPAC

Peter Pan. (Record no. 1290)

000 -LEADER
fixed length control field 00604aam a2200205 4500
003 - CONTROL NUMBER IDENTIFIER
control field OSt
005 - DATE AND TIME OF LATEST TRANSACTION
control field 20221228091414.0
008 - FIXED-LENGTH DATA ELEMENTS--GENERAL INFORMATION
fixed length control field 100625s2008 enk j 000 1 eng d
020 ## - INTERNATIONAL STANDARD BOOK NUMBER
International Standard Book Number 9780141322575 (pbk.)
040 ## - CATALOGING SOURCE
Original cataloging agency CaOL
Language of cataloging eng
Transcribing agency .
Modifying agency KH8
082 ## - DEWEY DECIMAL CLASSIFICATION NUMBER
Classification number FIC BAR
100 1# - MAIN ENTRY--PERSONAL NAME
Personal name Barrie, J. M.
Fuller form of name (James Matthew),
Dates associated with a name 1860-1937.
Relator term Author
245 10 - TITLE STATEMENT
Title Peter Pan.
260 ## - PUBLICATION, DISTRIBUTION, ETC.
Date of publication, distribution, etc. 2008.
Place of publication, distribution, etc. UK
Name of publisher, distributor, etc. Puffin Classics
490 1# - SERIES STATEMENT
Series statement Puffin classics.
500 ## - GENERAL NOTE
General note Introduced by Tony DiTerlizzi.
500 ## - GENERAL NOTE
General note First published in 1911. First published in Puffin Books in 1967.
830 #0 - SERIES ADDED ENTRY--UNIFORM TITLE
Uniform title Puffin classics.
942 ## - ADDED ENTRY ELEMENTS (KOHA)
Source of classification or shelving scheme
Koha item type Books - Fiction
Holdings
Withdrawn status Lost status Source of classification or shelving scheme Damaged status Not for loan Collection code Permanent Location Current Location Shelving location Date acquired Total Checkouts Full call number Barcode Date last seen Date last checked out Price effective from Koha item type
          Fiction KH8 Primary School Library KH8 Primary School Library Fiction 2022-12-28 4 FIC BAR KHPL000003068 2025-12-05 2023-05-29 2022-12-28 Books - Fiction

Powered By KH8 IT Dept